| 000 | 00553nam a2200193Ia 4500 | ||
|---|---|---|---|
| 005 | 20260114185723.0 | ||
| 008 | 008 260114s9999 xx 000 0 eng d | ||
| 020 | _a9781472598851 | ||
| 037 | _aEBOOK | ||
| 040 |
_aCRL _beng _cCRL |
||
| 041 |
_aeng _2eng |
||
| 084 | _qCRL | ||
| 100 |
_aP. L. Lewis _9873558 |
||
| 245 | 0 | _aEssays in Later Medieval French History | |
| 260 |
_bBloomsbury _c1985 |
||
| 856 | _uhttps://doi.org/10.5040/9781472598851?locatt=label:secondary_bloomsburyCollections | ||
| 942 | _cEBOOK | ||
| 999 |
_c1472506 _d1472506 |
||